LEADER 00665nam a2200169 i 4500 001 000000217004 003 CaOOAMICUS 005 20121116000000.0 008 121116s1876 xx u000 u lat u 013 $a195900 040 $aSeMil$bita 245 13$aDe obligationibus christianorum propriis. 300 $a416 p. 773 0 $aD'Annibale, Giuseppe <1815-1892>$tSummula theologiae moralis ad usum Seminarii reatini.$dReate : Typis Salvatoris Trinchi, 1874-1876.$g3$w()1617 850 $aSeMil 852 $aSeMil$W1$xVenegono$y1$m2E II 60 FA$j167420$B167420$CSeMilBibl$Z2$F178210 $8I 996 $6245$aDe obligationibus christianorum propriis$9(OLS)http://semarc/title/311882 LEADER 01274nam a2200265 i 4500 001 000000041318 003 CaOOAMICUS 005 20000612000000.0 008 000612s1994 it u000 u ita u 013 $a12488 020 $a88-7836-396-0 040 $aSeMil$bita 100 1 $aCaracciolo, Gaetano <1957- >.$0(OLS)http://semarc/name/20311 245 13$aLa fede e le opere :$bla figura del cristiano nella pastorale del Cardinal Ferrari e nella Compagnia di San Paolo /$cGaetano Caracciolo. 260 $aMilano :$bIstituto Propaganda Libraria,$c1994. 300 $a387 p. ;$c22 cm. 500 $aContiene : Appendici ; Bibliografia. 600 14$aFerrari, Andrea Carlo .$0(OLS)http://semarc/subject/1361 650 4$aLaicato - Spiritualitą.$0(OLS)http://semarc/subject/983 850 $aSeMil 852 $aSeMil$W1$xVenegono$y1$m3J IV 319$j7473$B7473$CSeMilBibl$Z2$F7473 $81 961 $aOmaggio: Delpini mons. Mario 996 $6020$a88-7836-396-0$9(OLS)http://semarc/number/12043 996 $6245$aLa fede e le opere :$bla figura del cristiano nella pastorale del Cardinal Ferrari e nella Compagnia di San Paolo$9(OLS)http://semarc/title/59782 996 $6260$aMilano :$bIstituto Propaganda Libraria$9(OLS)http://semarc/publisher/31513